Sirigannada : (Record no. 53526)

MARC details
000 -LEADER
fixed length control field 00911nam a22002657a 4500
005 - DATE AND TIME OF LATEST TRANSACTION
control field 20141030160610.0
010 ## - LCCN (DPL NO)
LC control number ENG-102833
020 ## - INTERNATIONAL STANDARD BOOK NUMBER
Terms of availability 295.00
International Standard Book Number 9789380032511
035 ## - SYSTEM CONTROL NUMBER
System control number EN-86366
035 ## - SYSTEM CONTROL NUMBER
System control number B-535575-579
037 ## - SOURCE OF ACQUISITION
Source of stock number/acquisition DBAD/PUB
037 ## - SOURCE OF ACQUISITION
Source of stock number/acquisition UBH/Ven
Stock number dpl
082 ## - DEWEY DECIMAL CLASSIFICATION NUMBER
Classification number 873.08
245 ## - TITLE STATEMENT
Title Sirigannada :
Statement of responsibility, etc edited by Vivek Shanbhag
Remainder of title contemporary Kannada writings /
260 ## - PUBLICATION, DISTRIBUTION, ETC. (IMPRINT)
Place of publication, distribution, etc Chennai
Name of publisher, distributor, etc Westland
Date of publication, distribution, etc 2010
270 ## - ADDRESS
Address Venkat tower,165,P.H.Road,Maduravoya 1,
City Chennai
Postal code 600095
300 ## - PHYSICAL DESCRIPTION
Extent 293p.
Other physical details 22cm (pbk)
500 ## - GENERAL NOTE
General note Short stories
520 ## - SUMMARY, ETC.
Summary, etc Selected short stories of 20th century Kannada authors
650 ## - SUBJECT ADDED ENTRY--TOPICAL TERM
Topical term or geographic name as entry element Short stories, Kannada
Form subdivision Translations into English.
650 ## - SUBJECT ADDED ENTRY--TOPICAL TERM
Topical term or geographic name as entry element Kannada fiction
Chronological subdivision 20th century
Form subdivision Translations into English.
700 ## - ADDED ENTRY--PERSONAL NAME
Personal name Shanbhag,Vivek
9 (RLIN) 29132
942 ## - ADDED ENTRY ELEMENTS (KOHA)
Source of classification or shelving scheme Dewey Decimal Classification
Item type English Books
Call number suffix SIR
Classification part 873.08
Holdings
Withdrawn status Lost status Not for loan Collection code Home library Current library Date acquired Source of acquisition Cost, normal purchase price Full call number Barcode Copy number Cost, replacement price Koha item type
      Non-fiction Ashok Vihar Ashok Vihar 01/07/2011 DBAD / PUB 295.00 SIR EN-86366 1 295.00 English Books
      Non-fiction Central Library Central Library 30/10/2014 UBH/314/28.03.2014/148/25.03.2014/29.03.2014 295.00 873.08 SIR B-535575 1 295.00 English Books
      Non-fiction Karol Bagh Karol Bagh 30/10/2014 UBH/314/28.03.2014/148/25.03.2014/29.03.2014 295.00 873.08 SIR B-535579 1 295.00 English Books
      Non-fiction Patel Nagar Patel Nagar 30/10/2014 UBH/314/28.03.2014/148/25.03.2014/29.03.2014 295.00 873.08 SIR B-535576 1 295.00 English Books
      Non-fiction R.K.Puram-8 R.K.Puram-8 30/10/2014 UBH/314/28.03.2014/148/25.03.2014/29.03.2014 295.00 873.08 SIR B-535578 1 295.00 English Books
      Non-fiction Sarojini Nagar Sarojini Nagar 30/10/2014 UBH/314/28.03.2014/148/25.03.2014/29.03.2014 295.00 873.08 SIR B-535577 1 295.00 English Books

© Delhi Public Library
Hit Counter
free hit counter